000 00668nam a22001937a 4500
008 151021b xxu||||| |||| 00| 0 eng d
020 _a978-1-284-02216-2 (pbk)
082 _aDC 617.1027
_bEm53
100 _996
_aCasa, Douglas J.
245 _aEmergency management for sport and physical activity/
_cDouglas J. Casa and Rebecca L. Stearns
260 _aBurlington, MA
_bJones & Bartlett Learning
_c2015
300 _axxx, 276 pages;
_c25 cm.
500 _aIncludes index
650 0 _998
_aAthletic injuries
_xprevention and control
650 0 _999
_aDeath, Sudden, Cardiac
650 0 _9100
_aEmergency treatment
700 _997
_aStearns, Rebecca L.
942 _2ddc
_cDC
999 _c41
_d41